[Event "Barcelona Primavera La Lira op 8th"]
[Site "Barcelona"]
[Date "2015.05.14"]
[Round "6"]
[White "Belmonte Fabrega, Manuel"]
[Black "Vidal Cortes, Lluis"]
[Result "1-0"]
[WhiteElo "1923"]
[BlackElo "1661"]
[PlyCount "53"]
[EventDate "2015.04.09"]
[EventType "swiss"]
[EventRounds "9"]
[EventCountry "ESP"]
[SourceTitle "CBM 166 Extra"]
[Source "ChessBase"]
[SourceDate "2015.06.18"]
[SourceVersion "1"]
[SourceVersionDate "2015.06.18"]
[SourceQuality "1"]

1. d4 Nf6 2. Bg5 e6 3. e4 h6 4. Bxf6 Qxf6 5. Nf3 d5 6. Nbd2 Qd8 7. Bd3 Be7 8. Ne5 Nc6 9. Ndf3 0-0 10. c3 Bd6 11. Qd2 Nxe5 12. dxe5 Be7 13. 0-0-0 c5 14. h4 Bd7 15. exd5 exd5 16. Bc2 Be6 17. a4 Qa5 18. Qd3 f5 19. exf6 Rxf6 20. Qh7+ Kf8 21. Qh8+ Bg8 22. Bh7 Kf7 23. Ne5+ Ke6 24. Bxg8+ Kxe5 25. Rxd5+ Ke4 26. Qh7+ g6 27. Qxe7+ 1-0

[Event "Barcelona Tres Peons op 16th"]
[Site "Barcelona"]
[Date "2015.01.23"]
[Round "2"]
[White "Belmonte Fabrega, Manuel"]
[Black "Barragan Hernandez, Manel"]
[Result "0-1"]
[WhiteElo "1842"]
[BlackElo "2050"]
[PlyCount "68"]
[EventDate "2015.01.16"]
[EventType "swiss"]
[EventRounds "9"]
[EventCountry "ESP"]
[SourceTitle "EXT 2016"]
[Source "ChessBase"]
[SourceDate "2015.10.08"]
[SourceVersion "1"]
[SourceVersionDate "2015.10.08"]
[SourceQuality "1"]

1. d4 Nf6 2. Bg5 e6 3. e4 c5 4. Bxf6 Qxf6 5. Nf3 Nc6 6. c3 cxd4 7. cxd4 d5 8. Nc3 dxe4 9. Nxe4 Bb4+ 10. Nc3 0-0 11. Bb5 Bd7 12. 0-0 Rfd8 13. Ne5 Nxe5 14. dxe5 Qxe5 15. Bxd7 Bxc3 16. bxc3 Qc7 17. Qf3 Rxd7 18. Rfd1 Rad8 19. Rxd7 Qxd7 20. Rb1 b6 21. h4 Qa4 22. h5 Qc2 23. Rb4 h6 24. Rg4 Qd1+ 25. Qxd1 Rxd1+ 26. Kh2 Rd2 27. a4 Rxf2 28. Kg3 Ra2 29. Rb4 Ra3 30. Rc4 Kf8 31. Kf3 Ke7 32. Ke3 Kf6 33. Kd3 Kg5 34. Ke4 Kxh5 0-1

[Event "Barcelona Primavera La Lira op 7th"]
[Site "Barcelona"]
[Date "2014.06.19"]
[Round "9"]
[White "Gonzalez Garcia, Sergi"]
[Black "Belmonte Fabrega, Manuel"]
[Result "1/2-1/2"]
[WhiteElo "1769"]
[BlackElo "1700"]
[PlyCount "120"]
[EventDate "2014.04.03"]
[EventType "swiss"]
[EventRounds "9"]
[EventCountry "ESP"]
[SourceTitle "EXT 2015"]
[Source "ChessBase"]
[SourceDate "2014.11.20"]
[SourceVersion "1"]
[SourceVersionDate "2014.11.20"]
[SourceQuality "1"]

1. e4 c6 2. d4 d5 3. e5 Bf5 4. Nf3 e6 5. Be2 Nd7 6. 0-0 c5 7. c3 Be7 8. a4 Qc7 9. Na3 a6 10. Bf4 Bg4 11. Nc2 h5 12. Qd2 Qd8 13. b4 Bxf3 14. Bxf3 g5 15. Be3 c4 16. Be2 f5 17. exf6 Ngxf6 18. Bxg5 Ne4 19. Bxe7 Nxd2 20. Bxd8 Rxd8 21. Rfe1 Ke7 22. Ne3 Ne4 23. Rac1 Kd6 24. f4 Rdf8 25. g3 h4 26. Kg2 hxg3 27. hxg3 Rhg8 28. Nf1 Rxf4 29. Bf3 Ndf6 30. Rc2 Rf5 31. Bxe4 Nxe4 32. Rce2 Rgf8 33. Re3 Rf2+ 34. Kg1 Rc2 35. Nh2 Rff2 36. Nf1 Rg2+ 37. Kh1 Rcf2 38. Rc1 Ra2 39. Rf3 Rgc2 40. Re1 Rxc3 41. Rf7 Rxa4 42. Rxb7 Kc6 43. Rg7 Rxb4 44. g4 Rb7 45. Rg6 Rf3 46. Rxe6+ Kd7 47. Rg6 c3 48. Ne3 Rb2 49. Rxa6 Rh3+ 50. Kg1 Rg3+ 51. Kh1 Nf2+ 52. Kh2 Nd3+ 53. Kxg3 Nxe1 54. Ra1 Nd3 55. Nd1 Rb3 56. Ne3 c2 57. Nxc2 Ne1+ 58. Ne3 Rxe3+ 59. Kf2 Re4 60. Rxe1 Rxg4 1/2-1/2

[Event "Foment Martinenc op-C 16th"]
[Site "Barcelona"]
[Date "2014.06.07"]
[Round "7"]
[White "Belmonte Fabrega, Manuel"]
[Black "Martinez Torras, Pol"]
[Result "1-0"]
[WhiteElo "1700"]
[BlackElo "1811"]
[PlyCount "87"]
[EventDate "2014.04.26"]
[EventType "swiss"]
[EventRounds "9"]
[EventCountry "ESP"]
[SourceTitle "EXT 2015"]
[Source "ChessBase"]
[SourceDate "2014.11.20"]
[SourceVersion "1"]
[SourceVersionDate "2014.11.20"]
[SourceQuality "1"]

1. d4 Nf6 2. Nf3 d5 3. c4 c6 4. e3 e6 5. Nc3 Bd6 6. Bd3 0-0 7. 0-0 Nbd7 8. e4 dxe4 9. Nxe4 Nxe4 10. Bxe4 Nf6 11. Bg5 Be7 12. Bc2 c5 13. Qd3 g6 14. Ne5 Qxd4 15. Qxd4 cxd4 16. Ng4 Nxg4 17. Bxe7 Re8 18. Bc5 Rd8 19. h3 Nh6 20. Rad1 e5 21. Rfe1 f6 22. Be7 Re8 23. Bxf6 Be6 24. Ba4 Rf8 25. Bxe5 Bxc4 26. Rxd4 b5 27. b3 bxa4 28. bxc4 Rfe8 29. Rde4 Rac8 30. Bd6 Rxe4 31. Rxe4 Nf7 32. c5 Rd8 33. Rxa4 Nxd6 34. cxd6 Rd7 35. Ra6 Kf7 36. Kh2 Ke6 37. Kg3 Kd5 38. Kf4 Kc5 39. Ke5 Kb5 40. Ke6 Rb7 41. Ra3 Kc5 42. d7 Rb6+ 43. Ke7 Rb7 44. Ke8 1-0

[Event "Foment Martinenc op-C 16th"]
[Site "Barcelona"]
[Date "2014.05.17"]
[Round "4"]
[White "Alonso Pichardo, Luis"]
[Black "Belmonte Fabrega, Manuel"]
[Result "0-1"]
[WhiteElo "1769"]
[BlackElo "1700"]
[PlyCount "78"]
[EventDate "2014.04.26"]
[EventType "swiss"]
[EventRounds "9"]
[EventCountry "ESP"]
[SourceTitle "EXT 2015"]
[Source "ChessBase"]
[SourceDate "2014.11.20"]
[SourceVersion "1"]
[SourceVersionDate "2014.11.20"]
[SourceQuality "1"]

1. e4 c5 2. Nf3 d6 3. Bc4 Nc6 4. h3 Nf6 5. Nc3 e6 6. d4 cxd4 7. Nxd4 Be7 8. 0-0 0-0 9. Nf3 a6 10. a3 b5 11. Ba2 Bb7 12. Re1 Qc7 13. Bf4 Rfd8 14. Qe2 Rac8 15. Rad1 Ne5 16. Ng5 Nc4 17. Bxc4 Qxc4 18. Qxc4 Rxc4 19. g3 h6 20. Nf3 Nxe4 21. Nxe4 Rxe4 22. Rxe4 Bxe4 23. Nd2 Bxc2 24. Rc1 Bd3 25. Rc3 Bf5 26. g4 e5 27. gxf5 exf4 28. Rc6 Bf6 29. b3 d5 30. Rxa6 Bc3 31. Nb1 d4 32. b4 Bb2 33. a4 d3 34. axb5 d2 35. Nxd2 Rxd2 36. Ra8+ Kh7 37. b6 f3 38. b7 Rd1+ 39. Kh2 Be5# 0-1

[Event "Barcelona Primavera La Lira op 7th"]
[Site "Barcelona"]
[Date "2014.05.15"]
[Round "4"]
[White "Belmonte Fabrega, Manuel"]
[Black "Permanyer Ugartemendia, Inaki"]
[Result "1-0"]
[WhiteElo "1700"]
[BlackElo "1598"]
[PlyCount "63"]
[EventDate "2014.04.03"]
[EventType "swiss"]
[EventRounds "9"]
[EventCountry "ESP"]
[SourceTitle "EXT 2015"]
[Source "ChessBase"]
[SourceDate "2014.11.20"]
[SourceVersion "1"]
[SourceVersionDate "2014.11.20"]
[SourceQuality "1"]

1. d4 Nf6 2. Bg5 g6 3. Bxf6 exf6 4. e4 Bg7 5. Nf3 0-0 6. Nbd2 Re8 7. Bd3 d5 8. 0-0 dxe4 9. Nxe4 f5 10. Ng3 Bxd4 11. Bxf5 Bg7 12. Bxc8 Qxc8 13. c3 c5 14. Qd5 Nd7 15. Rad1 Nf6 16. Qc4 Qc7 17. Nd4 a6 18. Nb3 Rac8 19. a4 Nd7 20. Qg4 Ne5 21. Qf4 Qb6 22. Nd2 Qxb2 23. Nde4 Rc7 24. Nf6+ Bxf6 25. Qxf6 Qxc3 26. Rd8 Rce7 27. Qxe7 Rxd8 28. Qxd8+ Kg7 29. Ne4 Qb2 30. Qf6+ Kg8 31. Rd1 Nd3 32. Qd8+ 1-0

[Event "Foment Martinenc op-C 16th"]
[Site "Barcelona"]
[Date "2014.04.26"]
[Round "1"]
[White "Farell Duran, Josep"]
[Black "Belmonte Fabrega, Manuel"]
[Result "0-1"]
[WhiteElo "1777"]
[BlackElo "1700"]
[PlyCount "60"]
[EventDate "2014.04.26"]
[EventType "swiss"]
[EventRounds "9"]
[EventCountry "ESP"]
[SourceTitle "EXT 2015"]
[Source "ChessBase"]
[SourceDate "2014.11.20"]
[SourceVersion "1"]
[SourceVersionDate "2014.11.20"]
[SourceQuality "1"]

1. g3 d5 2. Bg2 Nf6 3. Nf3 c5 4. d3 e6 5. 0-0 Nc6 6. b3 Bd6 7. Bb2 0-0 8. e3 e5 9. Nc3 Bg4 10. Qd2 Rc8 11. h3 Bh5 12. Rfe1 e4 13. dxe4 dxe4 14. Ng5 Bg6 15. Ngxe4 Nxe4 16. Nxe4 Be5 17. Bxe5 Nxe5 18. Qc3 Bxe4 19. Bxe4 Qf6 20. Kg2 b6 21. Rad1 Rfd8 22. Rd2 Rxd2 23. Qxd2 Rd8 24. Qe2 Qd6 25. f4 Nc6 26. c3 g6 27. Bc2 Qd2 28. Kf3 Qxc3 29. Rd1 Nd4+ 30. Kf2 Nxe2 0-1